All EFL League One Teams Ever - Statistics

General Stats
  • This quiz has been taken 4,425 times
    593 since last reset
  • The average score is 61 of 79
Answer Stats
Team % Correct
Bolton Wanderers
89%
Cardiff City
89%
Portsmouth
89%
Wrexham
89%
Birmingham City
88%
Brighton & Hove Albion
88%
Bristol City
88%
Sunderland
88%
AFC Wimbledon
87%
Blackpool
87%
Ipswich Town
87%
Luton Town
87%
Plymouth Argyle
87%
Barnsley
86%
Blackburn Rovers
86%
Brentford
86%
Charlton Athletic
86%
Derby County
86%
Hull City
86%
Leeds United
86%
Norwich City
86%
Nottingham Forest
86%
Sheffield Wednesday
86%
Leicester City
85%
Swansea City
85%
Oxford United
84%
Wigan Athletic
84%
Wolverhampton Wanderers
84%
Accrington Stanley
83%
Bournemouth
83%
Exeter City
83%
Huddersfield Town
82%
Reading
82%
Sheffield United
82%
Southampton
82%
Yeovil Town
82%
Bristol Rovers
81%
Doncaster Rovers
81%
Milton Keynes Dons
81%
Wycombe Wanderers
81%
Bradford City
80%
Notts County
80%
Oldham Athletic
80%
Coventry City
79%
Millwall
79%
Cambridge United
78%
Lincoln City
78%
Peterborough United
78%
Preston North End
78%
Burton Albion
77%
Gillingham
77%
Leyton Orient
77%
Carlisle United
76%
Rotherham United
76%
Tranmere Rovers
76%
Colchester United
75%
Crewe Alexandra
75%
Swindon Town
75%
Northampton Town
74%
Port Vale
74%
Chesterfield
73%
Mansfield Town
72%
Stockport County
71%
Bury
69%
Fleetwood Town
67%
Cheltenham Town
66%
Crawley Town
66%
Southend United
66%
Scunthorpe United
65%
Shrewsbury Town
65%
Forest Green Rovers
64%
Morecambe
64%
Walsall
64%
Rochdale
63%
Stevenage
63%
Hartlepool United
57%
Torquay United
50%
Dagenham & Redbridge
48%
Hereford United
45%
No matching quizzes found
Score Distribution
Percent of People with Each Score
Percentile by Number Answered
Your Score History
You have not taken this quiz since the last reset